Report of the Workshop on the harmonization of marine fisheries policy within coastal countries of the Southern African development community, Zanzibar, United Republic of Tanzania, 24 - 27 July 2001
Đã lưu trong:
| 格式: | 圖書 |
|---|---|
| 語言: | Undetermined |
| 出版: |
Rome, Italy
FAO
2002
|
| 主題: | |
| 標簽: |
添加標簽
沒有標簽, 成為第一個標記此記錄!
|
| Thư viện lưu trữ: | Trung tâm Học liệu Trường Đại học Cần Thơ |
|---|
| LEADER | 00559nam a2200145Ia 4500 | ||
|---|---|---|---|
| 001 | CTU_50530 | ||
| 008 | 210402s9999 xx 000 0 und d | ||
| 082 | |a 341.7622 | ||
| 082 | |b R425 | ||
| 245 | 0 | |a Report of the Workshop on the harmonization of marine fisheries policy within coastal countries of the Southern African development community, Zanzibar, United Republic of Tanzania, 24 - 27 July 2001 | |
| 260 | |a Rome, Italy | ||
| 260 | |b FAO | ||
| 260 | |c 2002 | ||
| 650 | |a fishery law and legislation | ||
| 980 | |a Trung tâm Học liệu Trường Đại học Cần Thơ | ||